000 01064nam a22002417a 4500
003 PILC
005 20240120113506.0
008 220719b |||||||| |||| 00| 0 eng d
010 _aAcc#47183
020 _a9781508587040
040 _cPhilippine Baptist Theological Seminary
050 _aR 722
_bM928 2015
100 _aMunson, Robert H.
_eauthor
245 _aPrinciples and practices for healthy Christian medical missions :
_bseeking the church's role for effective community outreach in the Philippines and beyond /
_cby Robert H. Munson.
264 _aColumbia, South Carolina :
_bMM-Musings,
_c2015
300 _a95 pages ; 23 cm.
336 _2rdacontent
_atext
337 _2rdamedia
_aunmediated
338 _2rdacarrier
_avolume
505 _a1. Medical Ministry and the Church - a Short History -- 2. Purposes and Problem in Medical Missions -- 3. A Structural Model for Medical Missions -- 4. A Content Model for Medical Missions -- 5. A Process Model for Medical Missions -- Overall Findings
650 _aMissions, Medical
942 _2lcc
_cCB
999 _c73502
_d73502